| 000 | 00863nam a2200241 a 4500 | ||
|---|---|---|---|
| 001 | 56161 | ||
| 003 | BD-RjUL | ||
| 005 | 20211209080348.0 | ||
| 008 | 161127s1977 bg ||||| |||| 00| 0 ben d | ||
| 020 | _c: TK 22.00 | ||
| 035 | _a(BD-RjUL)56285 | ||
| 040 |
_aBD-RjUL _bben _cBD-RjUL |
||
| 041 | _aben | ||
| 082 |
_223 _a636 _bRAP 1977 |
||
| 100 |
_aরহমান, হামিদুর _9167169 |
||
| 245 | 1 | 0 |
_aপশু-বিজ্ঞান / _cহামিদুর রহমান |
| 260 |
_aঢাকা : _bবাংলা একাডেমী, _c১৯৭৭ |
||
| 300 |
_a২৪৪ পৃ. : _bচিত্র ; _c২১ সেমি . |
||
| 650 |
_aAnimal Husbandary _9167170 |
||
| 650 |
_aপশুপালন _9167171 |
||
| 700 |
_aমিয়া, আবদুল হামিদ, সম্পাদক _9167172 |
||
| 942 |
_2ddc _cBK |
||
| 999 |
_c56161 _d56161 |
||